000 00325nam a2200133Ia 4500
005 20251222143108.0
008 251222s9999||||xx |||||||||||||| ||spa||
082 _a749.298/T25
100 _aTaullard, A.
245 0 _aEl Mueble Colonial Sudamericano
250 _a1ra.ed.
264 _bEdiciones Peuser, S.A.
942 _cLIB
999 _c11067
_d11067